000 01109nam a22002537a 4500
008 240610b mp ||||| |||| 00| 0 mon d
020 _a978-7-5311-8905-3
035 _a37899
040 _aHUV0167120
_bmon
_cMN-UlNLM
_dMN-UlNLM
_erda
041 _amon
042 _a87121
084 _2NNA
_a84.8(0)
_bЛ.911
100 _aЛьюис К.С.
245 0 _aМорь ба хүүгийн адал явдал
264 _aХөх хот
_bӨвөр монголын сургалт хүмүүжлийн хэвлэлийн хороо
_c2014
300 _a146х.
336 _2rdacontent
_atext
_btxt
337 _2rdamedia
_aunmediated
_bn
338 _2rdacarrier
_avolume
_bnc
490 _aдэлхийн хүүхдийн сонгодог зохиолын дээжис
650 _aШинэ цаг үеийн хэдэн жаалууд сургуульдаа явах замдаа гэнэтийн тохиолдлоор Нарниа хэмээх ид шидийн ертөнцөд очдог. Ярьдаг амьтад,...
942 _2NNA
_cBK
999 _c1058156
_d1058213